000
00197nam a22000977a 4500
082
_a
823
_b
CHE/M
100
_a
MANI K CHENTHAPOORU
245
_a
MANIMUZHAKKAM
650
_a
MALAYALAM STORY
942
_c
BK
999
_c
7701
_d
7701